000 00707nam a2200217 a 4500
005 20240228063635.0
008 100629s2004 es r 000 0 spa d
020 _a846674438X
035 _aUPN01000177048
049 _aI
050 4 _aPZ78
_bM8.27
100 1 _aMuñoz Puelles, Vicente,
_d1948-
_932146
245 1 3 _aEl arca y yo /
_cVicente Muñoz Puelles ; il. Elena Odriozola.
260 _aMadrid :
_bAnaya,
_c2004.
300 _a148 p. :
_bil. col.
440 0 _aSopa de libros ;
_v100.
_pA partir de 8 años
586 _aI Premio Anaya de Literatura Infantil y Juvenil 2004
650 4 _aLiteratura infantil española
_95892
650 0 _aAnimales
_vCuentos y leyendas
_9234
905 _aInfantil
999 _c149151
_d149151